A moa (Record no. 12262)

MARC details
000 -LEADER
campo de control de longitud fija 00678nam a2200241 4500
001 - NÚMERO DE CONTROL
campo de control 12262
003 - IDENTIFICADOR DE NÚMERO DE CONTROL
campo de control ES-MaACL
005 - FECHA Y HORA DE LA ÚLTIMA TRANSACCIÓN
campo de control 20251105063125.0
007 - CAMPO FIJO DE DESCRIPCIÓN FÍSICA--INFORMACIÓN GENERAL
campo de control de longitud fija t|
008 - DATOS DE LONGITUD FIJA--INFORMACIÓN GENERAL
campo de control de longitud fija 000000s1984 sp ||||0| gao
016 7# - NÚMERO DE CONTROL DE UNA AGENCIA BIBLIOGRÁFICA NACIONAL
Número de control cancelado/no válido IBH8505905438
020 ## - NÚMERO INTERNACIONAL ESTÁNDAR DEL LIBRO
Número Internacional Estándar del Libro 84-7492-206-2
040 ## - FUENTE DE CATALOGACIÓN
Centro catalogador/agencia de origen IBH
Lengua de catalogación spa
Centro/agencia transcriptor M-BN-DP
080 ## - NÚMERO DE LA CLASIFICACIÓN DECIMAL UNIVERSAL
Número de la Clasificación Decimal Universal 869.9-31"19"
100 0# - ENTRADA PRINCIPAL--NOMBRE DE PERSONA
Nombre de persona Riveiro Loureiro, Manoel,
Fechas asociadas al nombre 1933-
9 (RLIN) 97602
245 12 - MENCIÓN DEL TÍTULO
Título A moa
Resto del título : novela maniquea /
Mención de responsabilidad, etc. Manoel Riveiro Loureiro.
260 ## - PUBLICACIÓN, DISTRIBUCIÓN, ETC.
Lugar de publicación, distribución, etc. A Coruña :
Nombre del editor, distribuidor, etc. Ediciós do Castro,
Fecha de publicación, distribución, etc. [1984]
300 ## - DESCRIPCIÓN FÍSICA
Extensión 144 p ;
Dimensiones 18 cm.
490 1# - MENCIÓN DE SERIE
Mención de serie Narrativa
830 0# - PUNTO DE ACCESO ADICIONAL DE SERIE-TÍTULO UNIFORME
Título uniforme Narrativa
9 (RLIN) 177839
852 ## - LOCALIZACIÓN
Ubicación ES-MaACL
Número de control de estantería L-19607
Sublocalización o colección R.122258
Holdings
Estatus retirado Estado de pérdida Estado de daño No para préstamo Biblioteca de origen Biblioteca actual Ubicación en estantería Fecha de adquisición Fuente de adquisición Total de préstamos Signatura topográfica completa Código de barras Visto por última vez Precio de reemplazo Tipo de ítem Koha
        Biblioteca del Ateneo de Madrid Biblioteca del Ateneo de Madrid Depósito 2 17/01/2008     L-19607 1012495 23/02/2023 23/02/2023 Libro impreso